000 01045nam a22002657a 4500
001 6859
003 FISKH
005 20250821131700.0
008 250603b cb ||||| |||| 00| 0 eng d
020 _a9780516259871
040 _aFISKH
_beng
_cFISKH
_dFISKH
050 _aQK494.P66 F68
082 _a585.2
100 _aFowler, Allan
245 _aPine trees /
_cby Allan Fowler
260 _aNew York :
_bChildren's Press,
_c2001.
300 _a31 pages :
_bcolor illustrations ;
_c18 cm
505 _aJ
520 _aFrom friendly dolphins to giant pandas, from icebergs and glaciers to energy from the sun, from magnets to solids, liquids, and gases, Rookie Read-About Science is a natural addition to the primary-grade classroom with books that cover every part of the science curricula. Includes: animals, nature, scientific principles, the environment, weather, and much more!
521 8 _a490
_bLexile
521 8 _aJ
_bRaz-Plus
650 _aPlants
_vPine Trees
_xScience
942 _2ddc
_cBK
_n0
999 _c6859
_d6859